00443nam a2200133Ia 4500008004100000100002400041245003400065260000900099300003000108440002400138650005600162999001900218952007200237180117s9999 xx 000 0 und d aby Jayvee Fernandez aAdvice for the Future Fathers c2017 a10-12 pages, 2017 June 18 aPhilippine Panorama aTRANSFORMATION FROM BOY TO MAN TO FATHER TAKES TIME c353619d353619 001040aCLbCLd2018-01-17l0r2018-01-17 00:00:00w2018-01-17ySE